00923nas a2200241Ia 4500001001100000003000900011008004100020040001300061040001300074041001300087100003800100210002100138222002100159245008100180250001100261260003600272501008600308300001000394310001200404362002600416500020300442650003600645R022/97353IT-RoPAU151124c99999999xx |||||||||||| ||und|| aIT-RoPAU cIT-RoPAU aITALIANO aAA.VV. gCodice Aut. SPICS: 12000 aINFORMAZIONI MCS aInformazioni Mcs aINFORMAZIONI MCS, ANNO 34-N.02 (1991)bInformazioni Mcs, Anno 34-N.02 (1991) a1a ed. aVICENZAbINFORMAZIONI MCSc1991 bPaulus - SPICS - Società San Paolo EM (non-commercial uses only)cCopyright2015 a24 p. aMENSILE aANNO 034, N.02 (1991) aSala Comunitaria e Mercato. Risvegli di Penny Marshall. Balla Coi Lupi di Kevin Costner. L'Africana di Margarethe Von Trotta. Taxi Blues di Pavel Lounguine. Informazioni Gat Veneto. Rassegna Stampa. aCINEMAvPUBBLICAZIONE PERIODICA